Vanderpump Rules Picture Quiz - Statistics

General Stats
  • This quiz has been taken 10 times
  • The average score is 25 of 30
Answer Stats
Picture Answer % Correct
Ariana
100%
Brittany
100%
James
100%
Jax
100%
Katie
100%
Ken
100%
Kristen
100%
Lala
100%
Lisa
100%
Peter
100%
Raquel
100%
Scheana
100%
Shay
100%
Stassi
100%
Tom Sandoval
100%
Tom Schwartz
100%
Billie
78%
Laura Leigh
78%
Pandora
78%
Randall
78%
Ally
67%
Beau
67%
Faith
67%
Kristina
67%
Vail
67%
Brock
56%
Max
56%
Charli
44%
Jo
44%
Danica
22%
No matching quizzes found
Score Distribution
Percent of People with Each Score
Percentile by Number Answered
Your Score History
You have not taken this quiz